Statistics for Silmarillion - Most mentioned characters

Click here to take the quiz!

General Stats

  • This quiz has been taken 432 times
  • The average score is 11 of 13

Answer Stats

#Race (at birth)Answer% Correct
498ValaMelkor / Morgoth
97%
209ElfFëanor
96%
136ValaManwë
92%
144ManBeren
90%
98ElfFingolfin
87%
134ElfLúthien
86%
178MaiaSauron
86%
154ManTúrin
84%
178ElfElwë / Thingol
78%
115ManHúrin
78%
95MaiaMelian
77%
183Eru / Ilúvatar
76%
112ElfTurgon
69%

Score Distribution

Percentile by Number Answered

Percent of People with Each Score

Your Score History

You have not taken this quiz